00367nam a2200133Ia 4500008004100000041000800041082000800049100002200057245006400079250000800143260004800151300001300199999002100212231229s2017 xx 000 0 und d aeng bSRI aSRINIVASAN (M.N.) aCommentary on The Hindu Minority and Guardianship Act, 1956 a2nd aNew DelhibDelhi Law House New Delhi,c2017 av, Misc. c1060252d1060252